000 01163nam0a2200313 4500
001 RU\NLR\bibl\108384
005 20260517063339.0
021 _aRU
_b2000-16967
_9814
035 _a(NLR Aleph) 000106075
090 _a600544
_c600544
100 _a20000915d2000 |||y0rusy50 ca
101 0 _arus
102 _aRU
105 _aa |||||||||
200 1 _aЧечня
_eБелая кн.
_f[Сост. Романов П.В.
_gРед. Волин А.К., Маргелов М.В.]
210 _aМ.
_cНовости
_cРосинформцентр
_d2000
215 _a[2],173,[1] с., [10] л. ил., цв. ил.
_d25
606 _aЧеченский конфликт
_z1994 - 2009
_3RU\NLR\AUTH\6601647833
_92394256
686 _aТ3(2)74-36
686 _aТ3(2Р-6Че)74
702 1 _4220
_8rus
_7ca
_aРоманов
_bП. В.
_f1949-
_cписатель
_gПетр Валентинович
_3RU\NLR\auth\7770124
_953052
702 1 _aВолин
_bА. К.
_4340
801 0 _aRU
_bNLR
_c20000915
_gPSBO
801 1 _aRU
_bNLR
_c20000915
852 _aNLR
_j2000-7/1515
942 _cBOOK
980 _aNB